00369pab a2200133 454500008004000000100002100040245008600061260000900147300001500156362000800171650001400179700001600193773002600209180718b2015 xxu||||| |||| 00| 0 eng d aBanfield, Andrew aActivism or democracy? judicial review of prerogative powers and executive action c2015 ap.135-153. aJan aJudiciary aFlynn, Greg aParliamentary Affairs